000 00907nmm a2200289 a 4500
001 ocm000782315
003 TR-IsHL
005 20201028152517.0
008 150709s2006 tu tur
007 cr cn
020 _a9789759181604
035 _a782315
_b(N$T)
050 0 4 _aPQ2469.T9
_bS4 2006
090 0 4 _aPQ2469.T9
_bS4 2006
100 1 _aVerne, Jules
245 1 0 _a80 günde dünya turu
_h[electronic resource] /
_cJules Verne ; yay.haz. Fatma Sezgin
250 _a1. bs.
260 _aİstanbul :
_bParıltı Yayıncılık,
_c2006
300 _a80 p.
650 4 _aDil ve Edebiyat
650 4 _aLanguage and Literature
650 0 _aFransız romanı
650 0 _aFrench fiction
650 7 _aLITERARY COLLECTIONS / European / French
_2bisacsh
700 1 _aSezgin, Fatma
856 4 0 _uhttp://search.ebscohost.com/login.aspx?direct=true&scope=site&db=e011xww&AN=782315
999 _c11565
_d11565